Spice Girls: Complete Discography - Statistics

General Stats
  • This quiz has been taken 46 times
  • The average score is 28 of 43
Answer Stats
Album Song % Correct
Spice 2 Become 1
100%
Spice Wannabe
100%
Spice Mama
91%
Spice Say You'll Be There
91%
Spiceworld Too Much
91%
Spiceworld Spice Up Your Life
88%
Spiceworld Stop
88%
Spice Who Do You Think You Are
88%
Forever Goodbye
85%
Spice Love Thing
85%
Spice Naked
85%
Spiceworld Viva Forever
85%
Spiceworld Saturday Night Divas
82%
Forever Holler
79%
Spice If U Can't Dance
79%
Forever Let Love Lead The Way
76%
Spiceworld Never Give Up On The Good Times
76%
Spiceworld The Lady Is A Vamp
76%
Spiceworld Do It
74%
Spice Last Time Lover
71%
Spiceworld Move Over
71%
Greatest Hits Voodoo
71%
Greatest Hits Headlines / Friendship Never Ends
68%
Spiceworld Denying
65%
Spice Something Kinda Funny
65%
Spiceworld (Bonus) Step To Me
56%
Forever If You Wanna Have Some Fun
53%
Forever Oxygen
53%
Forever Get Down With Me
50%
Spice (Bonus) One Of These Girls
50%
Spice (Bonus) Take Me Home
50%
Forever Weekend Love
50%
Spiceworld (Bonus) Outer Space Girls
47%
Forever Right Back At Ya
47%
Spiceworld (Bonus) Walk Of Life
44%
Spice (Bonus) Feed Your Love
41%
Spice (Bonus) Bumper To Bumper
38%
Forever Tell Me Why
38%
Forever Time Goes By
35%
Spiceworld (Bonus) Spice Invaders
32%
Forever Wasting My Time
32%
Spice (Bonus) Baby Come Around
18%
Spice (Bonus) Shall We Say Goodbye Then?
15%
No matching quizzes found
Score Distribution
Percent of People with Each Score
Percentile by Number Answered
Your Score History
You have not taken this quiz